[Event "Kerkinitida 2021"]
[Site "Yevpatoria"]
[Date "2021.10.20"]
[Round "2.3"]
[White "Triapishko, Alexandr"]
[Black "Baranov, Jury"]
[Result "1-0"]
[WhiteElo "2506"]
[BlackElo "2147"]
[Annotator "TA"]
[PlyCount "73"]
[EventDate "2021.10.19"]
[EventType "swiss"]
[SourceTitle "playchess.com"]
[Source "ChessBase"]
[SourceQuality "1"]

{[%evp 11,73,27,46,29,33,32,51,16,22,22,22,13,20,14,26,12,21,2,19,14,29,39,71,44,97,114,116,110,113,111,195,129,129,122,183,184,188,189,188,180,229,187,268,239,391,364,375,360,388,422,416,411,652,650,643,643,617,617,612,610,610,607,598,585]} 1. Nf3 Nf6 2. g3 d6 3. d4 g6 4. b3 Bg7 5. Bb2 O-O 6. Bg2 Bf5 7. c4 {A49: 1 d4 Nf6 2 Nf3 g6 3 g3: Anti-King's Indian systems.} c6 8. O-O a5 9. a3 {White is slightly better.} d5 {[#]} 10. Nc3 $146 ({Predecessor:} 10. Nbd2 Ne4 11. Re1 Qb6 12. e3 Nd7 13. h3 Nxd2 14. Nxd2 Nf6 15. g4 Be6 16. Rc1 {0-1 (43) Basso,P (2455)-Shailesh,D (2224) Bhubaneswar 2016}) 10... Ne4 11. e3 Nxc3 12. Bxc3 Be4 13. Bh3 e6 14. Qe2 a4 15. Nd2 Bc2 16. b4 dxc4 17. Qxc4 (17. Nxc4 $5 {[%cal Re2c2]} Be4 18. Bb2 $14) 17... Qd5 {[#]} ({Black should play} 17... Nd7 $14) 18. Qe2 $1 $16 Nd7 19. Rfc1 Bb3 20. Bg2 Qd6 {[#]} (20... Qf5 $16) 21. Nxb3 (21. b5 $1 $18) 21... axb3 22. Qb2 h5 (22... b5 $16 {is a better defense.} 23. Qxb3 Nb6) 23. Qxb3 Nf6 24. b5 $36 {[%mdl 2048] And now Bb4 would win. Keeping Black busy.} Nd5 25. Be1 Rfc8 26. a4 c5 (26... cxb5 $142 27. Qxb5 (27. axb5 Rxc1 28. Rxc1 Qd7 $16) 27... b6) 27. Qa3 $18 b6 $2 (27... Qe7 {was worth a try.} 28. Rab1 Bf8 29. dxc5 Rxc5 30. Rxc5 Qxc5 31. Qxc5 Bxc5) 28. Rab1 Bf8 29. dxc5 Rxc5 30. e4 Nc7 31. e5 Qxe5 (31... Qd8 $142 32. Bxa8 Qxa8) 32. Bxa8 {White is clearly winning.} Nxa8 33. Rxc5 Bxc5 34. Qf3 Nc7 35. Bc3 Qf5 36. Qxf5 gxf5 37. a5 {Weighted Error Value: White=0.07/Black=0.32} 1-0

[Event "Kerkinitida 2021"]
[Site "Yevpatoria"]
[Date "2021.10.20"]
[Round "2.4"]
[White "Polukhin, Alexander"]
[Black "Truskavetsky, Alexandr"]
[Result "1-0"]
[WhiteElo "2152"]
[BlackElo "2371"]
[Annotator "TA"]
[PlyCount "148"]
[EventDate "2021.10.19"]
[EventType "swiss"]
[SourceTitle "playchess.com"]
[Source "ChessBase"]
[SourceQuality "1"]

{[%evp 20,148,-14,-43,-12,-21,-16,-53,-41,-37,-43,-51,-46,-30,-30,-61,-61,-79,-63,-114,-93,-101,-61,-116,-116,-106,-95,-106,-97,-152,-139,-126,-142,-187,-182,-219,-113,-132,-115,-158,-123,-256,-116,-134,-47,-52,-69,-90,-81,-81,-84,-81,-81,-86,-76,-112,-97,-89,-40,-34,0,-122,-99,-98,0,-106,-90,-105,-106,-147,-147,-182,-172,-222,-148,-148,-148,-148,-148,-148,-145,-360,-343,-332,-325,-360,-318,-344,-311,-303,-282,-308,-331,-370,-351,-422,-439,-400,-392,-611,-575,-576,-531,-574,-343,-917,-903,-1407,-896,-1268,-1324,-1418,-1435,-1490,-1438,-1405,-1290,-1666,-1297,-29981,-29982,-29982,-29983,-29983,-29984,-29984,-29983,-29983,-29983,-29983,-29984]} 1. e4 c5 2. c4 Nc6 3. Nc3 g6 4. g3 Bg7 5. Bg2 d6 6. d3 Nd4 7. Nge2 Nf6 8. Nxd4 cxd4 9. Ne2 Nd7 10. O-O O-O 11. Rb1 Rb8 {A36: Symmetrical English vs ...g6: 4 Bg2 Bg7.} 12. b4 {[#]} a5 $146 ({Predecessor:} 12... b5 13. cxb5 Rxb5 14. Bd2 Rb8 15. a4 Ba6 16. b5 Bb7 17. Qb3 Nc5 18. Qa3 Qd7 19. Bb4 {0-1 (35) Hrabusa,M (2295)-Mroziak,M (2319) Czech Republic 2015}) 13. a3 axb4 {Black is slightly better.} 14. axb4 b5 15. cxb5 Rxb5 16. Bd2 Rb8 17. f4 Ba6 18. Rf3 Qb6 19. Rc1 (19. Nc1 $1 $15) 19... Bb5 20. g4 Rfc8 21. Qe1 ({White should try} 21. g5 $15) 21... Rxc1 $17 22. Nxc1 Rc8 23. Rf2 Rc2 24. Bf3 (24. Bf1 $142) 24... Qa6 25. Bd1 Rb2 26. Rf3 Qa3 27. h3 Rb1 (27... Nb8 $19 28. Rf2 Nc6) 28. Bc2 Ra1 29. Qd1 Nb6 30. Rf1 {[#]} (30. Bb3 $17 {was called for.}) 30... Qb2 (30... Nc4 $1 $19 {[%mdl 512] Strongly threatening ...Ne3.} 31. Bb3 Nxd2 32. Qxd2 {[#]} Rxc1 $1 {[%mdl 576] Remove Defender} 33. Rxc1 Qxb3) 31. f5 Ba4 (31... Na4 $17 32. Bb3 Nc3) 32. Bxa4 $15 Nxa4 33. fxg6 hxg6 34. Qe2 Be5 35. Qf2 f6 36. g5 Nc3 37. gxf6 exf6 38. Qg2 Kh7 39. Qf2 $1 Kg8 (39... Ra7 $15) 40. Qg2 $17 Kf7 41. h4 Nb1 ({Black should play} 41... Ke7 $17) 42. Bh6 (42. h5 $1 $11 {was the only way to keep the balance.} gxh5 43. Qh3) 42... Qxg2+ 43. Kxg2 Nc3 44. Rf2 Rb1 45. Ne2 Rxb4 46. Nf4 Nd1 47. Ra2 Rb2+ 48. Rxb2 Nxb2 {[%mdl 4096] Endgame KBN-KBN} 49. Kf3 Kg8 50. Nd5 $2 (50. Nxg6 $17 Kh7 51. Nxe5 dxe5 52. Bf8) 50... Nxd3 $19 51. Bd2 Kf7 52. Ke2 Nc5 53. Kf3 Nb7 54. Bb4 Nd8 55. Be1 Nc6 56. Ke2 Ne7 57. Nb4 Ke6 58. Kd3 d5 59. exd5+ (59. Bd2 $142) 59... Nxd5 60. Nc6 Nf4+ 61. Kc4 d3 62. Nb4 $2 (62. Bd2) 62... Kf5 63. h5 Nxh5 64. Kxd3 Nf4+ 65. Kd2 Ke4 66. Nc2 g5 67. Bf2 g4 68. Ne1 Bc7 69. Bg3 Ba5+ {Black mates.} 70. Kd1 Bxe1 71. Kxe1 Kf3 72. Bh2 g3 73. Bg1 Ne2 74. Bb6 f5 {[%mdl 32768] Weighted Error Value: White=0.31/Black=0.19. Loss on time!?} 1-0

[Event "Kerkinitida 2021"]
[Site "Yevpatoria"]
[Date "2021.10.20"]
[Round "2.5"]
[White "Cherunov, Svyatoslav"]
[Black "Brusilovskiy, Boris"]
[Result "0-1"]
[WhiteElo "1240"]
[BlackElo "2067"]
[Annotator "ChessBase"]
[PlyCount "68"]
[EventDate "2021.10.19"]
[EventType "swiss"]
[SourceTitle "playchess.com"]
[Source "ChessBase"]
[SourceQuality "1"]
[TimeControl "5400+30"]

1. e4 {[%emt 0:00:04]} d5 {[%emt 0:02:00]} 2. exd5 {[%emt 0:00:09]} c6 {[%emt 0:00:05]} 3. Nc3 {[%emt 0:00:21]} cxd5 {[%emt 0:00:25]} 4. d4 {[%emt 0:00:17]} Nf6 {[%emt 0:00:46]} 5. Nf3 {[%emt 0:00:17]} Nc6 {[%emt 0:01:51]} 6. Bb5 {[%emt 0:00:24]} Bg4 {[%emt 0:01:47]} 7. h3 {[%emt 0:01:02]} Bh5 {[%emt 0:02:07]} 8. g4 {[%emt 0:01:28]} Bg6 {[%emt 0:00:23]} 9. Ne5 {[%emt 0:01:03]} Rc8 {[%emt 0:00:35]} 10. Qf3 {[%emt 0:01:43]} e6 {[%emt 0:01:27]} 11. h4 {[%emt 0:00:55]} Bb4 {[%emt 0:02:18]} 12. h5 {[%emt 0:00:41]} Be4 {[%emt 0:00:16]} 13. Qf4 {[%emt 0:01:43]} Bxh1 {[%emt 0:01:29]} 14. g5 {[%emt 0:00:39]} O-O {[%emt 0:09:26]} 15. h6 {[%emt 0:01:12]} Nh5 {[%emt 0:03:07]} 16. Qh2 {[%emt 0:03:02]} Nxe5 {[%emt 0:00:29]} 17. Qxe5 {[%emt 0:01:50]} Qc7 {[%emt 0:04:38]} 18. Qxc7 {[%emt 0:08:17]} Rxc7 {[%emt 0:00:25]} 19. Be2 {[%emt 0:00:11]} g6 {[%emt 0:06:46]} 20. Bd2 {[%emt 0:01:24]} Bxc3 {[%emt 0:01:26]} 21. bxc3 {[%emt 0:00:35]} Be4 {[%emt 0:00:24]} 22. O-O-O {[%emt 0:00:54]} Rfc8 {[%emt 0:00:43]} 23. Rg1 {[%emt 0:02:04]} a6 {[%emt 0:02:38]} 24. Rg4 {[%emt 0:04:09]} b5 {[%emt 0:01:03]} 25. c4 {[%emt 0:01:40]} bxc4 {[%emt 0:00:27]} 26. c3 {[%emt 0:00:32]} Rb7 {[%emt 0:00:32]} 27. Kd1 {[%emt 0:00:51]} Rb2 {[%emt 0:01:09]} 28. f3 {[%emt 0:01:36]} Bf5 {[%emt 0:00:13]} 29. Rh4 {[%emt 0:00:45]} Rxa2 {[%emt 0:00:11]} 30. f4 {[%emt 0:00:29]} Rb8 {[%emt 0:00:36]} 31. Ke1 {[%emt 0:00:25]} Rb1+ {[%emt 0:00:47]} 32. Kf2 {[%emt 0:01:01]} Rxd2 {[%emt 0:00:42]} 33. Ke3 {[%emt 0:01:02]} Rbb2 {[%emt 0:01:43]} 34. Bxh5 {[%emt 0:00:56]} Rd3# {[%emt 0:00:16]} 0-1

[Event "Kerkinitida 2021"]
[Site "Yevpatoria"]
[Date "2021.10.20"]
[Round "2.6"]
[White "Tihonov, Gennady"]
[Black "Grinivetskii, Mark"]
[Result "1-0"]
[WhiteElo "1827"]
[BlackElo "1350"]
[Annotator "NA"]
[PlyCount "151"]
[EventDate "2021.10.19"]
[EventType "swiss"]
[SourceTitle "playchess.com"]
[Source "ChessBase"]
[SourceQuality "1"]
[TimeControl "5400+30"]

1. e4 {[%emt 0:02:23]} e5 {[%emt 0:00:03]} 2. Nf3 {[%emt 0:00:13]} Nc6 {[%emt 0:00:06]} 3. d4 {[%emt 0:00:03]} exd4 {[%emt 0:00:07]} 4. Nxd4 {[%emt 0:00:12]} Bc5 {[%emt 0:00:08]} 5. Nxc6 {[%emt 0:00:29]} Qf6 {[%emt 0:00:08]} 6. Qf3 {[%emt 0:00:12]} Qxf3 {[%emt 0:00:29]} 7. gxf3 {[%emt 0:00:06]} dxc6 {[%emt 0:00:07]} 8. Be3 {[%emt 0:00:07]} Be7 {[%emt 0:00:22]} 9. Nd2 {[%emt 0:02:38]} Be6 {[%emt 0:00:14]} 10. f4 {[%emt 0:01:58]} f5 {[%emt 0:00:10]} 11. e5 {[%emt 0:04:16]} O-O-O {[%emt 0:00:18]} 12. Rg1 {[%emt 0:04:42]} g6 {[%emt 0:00:11]} 13. Be2 {[%emt 0:01:21]} Nh6 {[%emt 0:00:26]} 14. h3 {[%emt 0:01:34]} a6 {[%emt 0:00:14]} 15. Nb3 {[%emt 0:02:05]} Rhg8 {[%emt 0:00:52]} 16. c4 {[%emt 0:03:15]} Nf7 {[%emt 0:00:51]} 17. Nd4 {[%emt 0:00:46]} Bb4+ {[%emt 0:00:44]} 18. Kf1 {[%emt 0:00:14]} Rde8 {[%emt 0:01:04]} 19. Nxe6 {[%emt 0:01:46]} Rxe6 {[%emt 0:00:14]} 20. c5 {[%emt 0:00:42]} Rd8 {[%emt 0:00:37]} 21. Bc4 {[%emt 0:03:43]} Re7 {[%emt 0:00:21]} 22. Ke2 {[%emt 0:00:58]} Nxe5 {[%emt 0:03:09]} 23. fxe5 {[%emt 0:00:14]} Rxe5 {[%emt 0:00:04]} 24. Kf3 {[%emt 0:05:38]} Bxc5 {[%emt 0:00:38]} 25. Bg5 {[%emt 0:02:51]} Be7 {[%emt 0:01:43]} 26. Bxe7 {[%emt 0:01:20]} Rxe7 {[%emt 0:00:06]} 27. Rad1 {[%emt 0:00:38]} Rde8 {[%emt 0:00:28]} 28. Bd3 {[%emt 0:01:01]} Rd7 {[%emt 0:01:32]} 29. Bc2 {[%emt 0:02:26]} Red8 {[%emt 0:01:03]} 30. Rxd7 {[%emt 0:02:17]} Rxd7 {[%emt 0:00:08]} 31. Rd1 {[%emt 0:00:33]} Re7 {[%emt 0:00:29]} 32. h4 {[%emt 0:00:38]} Re5 {[%emt 0:00:20]} 33. Bd3 {[%emt 0:00:18]} Rd5 {[%emt 0:00:43]} 34. Bc2 {[%emt 0:02:01]} Rb5 {[%emt 0:00:21]} 35. Rd2 {[%emt 0:02:28]} Rb4 {[%emt 0:00:43]} 36. h5 {[%emt 0:01:25]} Rh4 {[%emt 0:00:40]} 37. hxg6 {[%emt 0:00:09]} hxg6 {[%emt 0:00:04]} 38. Bb3 {[%emt 0:00:44]} Rg4 {[%emt 0:00:58]} 39. Be6+ {[%emt 0:00:30]} Kb8 {[%emt 0:00:38]} 40. Rd7 {[%emt 0:01:25]} Re4 {[%emt 0:00:44]} 41. Bf7 {[%emt 0:03:11]} Rg4 {[%emt 0:00:24]} 42. Rd8+ {[%emt 0:00:43]} Ka7 {[%emt 0:00:09]} 43. Rg8 {[%emt 0:00:28]} g5 {[%emt 0:00:11]} 44. Be6 {[%emt 0:04:08]} Re4 {[%emt 0:01:30]} 45. Rg6 {[%emt 0:04:50]} Kb6 {[%emt 0:02:13]} 46. Kg3 {[%emt 0:04:07]} Rg4+ {[%emt 0:00:38]} 47. Kf3 {[%emt 0:00:43]} Rf4+ {[%emt 0:00:16]} 48. Ke3 {[%emt 0:00:56]} Re4+ {[%emt 0:00:27]} 49. Kd2 {[%emt 0:00:31]} Rf4 {[%emt 0:00:31]} 50. Ke2 {[%emt 0:00:30]} g4 {[%emt 0:00:41]} 51. Rf6 {[%emt 0:00:50]} Re4+ {[%emt 0:00:16]} 52. Kf1 {[%emt 0:00:26]} Rd4 {[%emt 0:02:29]} 53. Rxf5 {[%emt 0:00:44]} Rd2 {[%emt 0:00:10]} 54. b4 {[%emt 0:00:18]} Rd4 {[%emt 0:00:15]} 55. Rg5 {[%emt 0:03:15]} Rxb4 {[%emt 0:00:15]} 56. Rxg4 {[%emt 0:01:01]} Rb1+ {[%emt 0:00:54]} 57. Ke2 {[%emt 0:00:23]} Kc5 {[%emt 0:00:07]} 58. f4 {[%emt 0:01:32]} Kd6 {[%emt 0:00:08]} 59. f5 {[%emt 0:00:27]} Rb5 {[%emt 0:00:33]} 60. Rd4+ {[%emt 0:00:56]} Kc5 {[%emt 0:01:09]} 61. Rd7 {[%emt 0:01:32]} Kb6 {[%emt 0:00:25]} 62. Kf3 {[%emt 0:00:31]} Kc5 {[%emt 0:00:37]} 63. f6 {[%emt 0:00:41]} Rb1 {[%emt 0:00:10]} 64. Bf5 {[%emt 0:00:57]} Rf1+ {[%emt 0:00:17]} 65. Kg4 {[%emt 0:00:32]} Rg1+ {[%emt 0:00:06]} 66. Kh5 {[%emt 0:00:28]} Rh1+ {[%emt 0:00:11]} 67. Kg6 {[%emt 0:00:13]} Rg1+ {[%emt 0:00:10]} 68. Kf7 {[%emt 0:00:37]} Rf1 {[%emt 0:00:10]} 69. Be6 {[%emt 0:00:16]} Rg1 {[%emt 0:00:21]} 70. Ke7 {[%emt 0:00:23]} Kb6 {[%emt 0:00:33]} 71. f7 {[%emt 0:00:21]} Rf1 {[%emt 0:00:06]} 72. f8=Q {[%emt 0:00:26]} Rxf8 {[%emt 0:00:07]} 73. Kxf8 {[%emt 0:00:09]} c5 {[%emt 0:00:11]} 74. Rd2 {[%emt 0:00:43]} Ka5 {[%emt 0:00:11]} 75. Ke7 {[%emt 0:00:21]} Kb6 {[%emt 0:00:12]} 76. Kd7 {[%emt 0:00:17]} 1-0

[Event "Kerkinitida 2021"]
[Site "Yevpatoria"]
[Date "2021.10.20"]
[Round "2.7"]
[White "Samson, Anna Rao. T"]
[Black "Polukhin, Sergey"]
[Result "0-1"]
[WhiteElo "1573"]
[BlackElo "1410"]
[Annotator "NA"]
[PlyCount "72"]
[EventDate "2021.10.19"]
[EventType "swiss"]
[SourceTitle "playchess.com"]
[Source "ChessBase"]
[SourceQuality "1"]
[TimeControl "5400+30"]

1. e4 {[%emt 0:00:03]} c5 {[%emt 0:00:03]} 2. Nf3 {[%emt 0:00:05]} Nc6 {[%emt 0:00:05]} 3. Bb5 {[%emt 0:00:13]} g6 {[%emt 0:00:10]} 4. Nc3 {[%emt 0:00:25]} Bg7 {[%emt 0:00:10]} 5. d3 {[%emt 0:00:20]} Nf6 {[%emt 0:00:44]} 6. Bg5 {[%emt 0:00:28]} Nd4 {[%emt 0:01:19]} 7. Nxd4 {[%emt 0:01:02]} cxd4 {[%emt 0:00:04]} 8. Nd5 {[%emt 0:00:13]} Nxd5 {[%emt 0:00:47]} 9. exd5 {[%emt 0:00:09]} Qa5+ {[%emt 0:00:03]} 10. Bd2 {[%emt 0:00:51]} Qxb5 {[%emt 0:00:02]} 11. O-O {[%emt 0:01:44]} Qxd5 {[%emt 0:00:11]} 12. Re1 {[%emt 0:00:23]} e6 {[%emt 0:00:31]} 13. Rc1 {[%emt 0:01:33]} O-O {[%emt 0:00:07]} 14. c3 {[%emt 0:01:22]} dxc3 {[%emt 0:00:15]} 15. Bxc3 {[%emt 0:00:21]} Bxc3 {[%emt 0:00:27]} 16. Rxc3 {[%emt 0:00:07]} b5 {[%emt 0:00:13]} 17. Rb3 {[%emt 0:01:24]} Bb7 {[%emt 0:00:16]} 18. f3 {[%emt 0:00:05]} a5 {[%emt 0:00:13]} 19. Qd2 {[%emt 0:01:17]} a4 {[%emt 0:00:39]} 20. Rb4 {[%emt 0:00:07]} a3 {[%emt 0:00:31]} 21. bxa3 {[%emt 0:00:26]} Rxa3 {[%emt 0:00:06]} 22. Qb2 {[%emt 0:00:20]} Rxa2 {[%emt 0:01:00]} 23. Qb1 {[%emt 0:01:07]} Qc5+ {[%emt 0:00:08]} 24. Kh1 {[%emt 0:00:19]} Qf2 {[%emt 0:00:07]} 25. Rg1 {[%emt 0:01:27]} Bxf3 {[%emt 0:00:06]} 26. Qf1 {[%emt 0:01:29]} Qxf1 {[%emt 0:00:12]} 27. Rxf1 {[%emt 0:00:07]} Bxg2+ {[%emt 0:00:05]} 28. Kg1 {[%emt 0:00:04]} Bxf1 {[%emt 0:00:05]} 29. Kxf1 {[%emt 0:00:10]} Rc8 {[%emt 0:00:08]} 30. Rb1 {[%emt 0:00:18]} b4 {[%emt 0:00:04]} 31. Ke1 {[%emt 0:00:39]} b3 {[%emt 0:00:06]} 32. Kd1 {[%emt 0:00:27]} Rcc2 {[%emt 0:00:20]} 33. Rxb3 {[%emt 0:00:30]} Rxh2 {[%emt 0:00:01]} 34. Rb2 {[%emt 0:00:45]} Raxb2 {[%emt 0:00:10]} 35. Kc1 {[%emt 0:00:05]} Rbg2 {[%emt 0:00:05]} 36. Kd1 {[%emt 0:00:15]} Rh1# {[%emt 0:00:06]} 0-1

[Event "Kerkinitida 2021"]
[Site "Yevpatoria"]
[Date "2021.10.20"]
[Round "2.8"]
[White "Iljin, Viktor"]
[Black "Aryslanov, Leonidas"]
[Result "1-0"]
[WhiteElo "1066"]
[BlackElo "1121"]
[Annotator "NA"]
[PlyCount "109"]
[EventDate "2021.10.19"]
[EventType "swiss"]
[SourceTitle "playchess.com"]
[Source "ChessBase"]
[SourceQuality "1"]
[TimeControl "5400+30"]

1. d4 {[%emt 0:00:00]} c5 {[%emt 0:00:57]} 2. dxc5 {[%emt 0:01:13]} Nc6 {[%emt 0:00:07]} 3. Nf3 {[%emt 0:00:10]} e6 {[%emt 0:00:34]} 4. Be3 {[%emt 0:01:51]} Qa5+ {[%emt 0:01:36]} 5. Qd2 {[%emt 0:01:28]} Qxd2+ {[%emt 0:00:15]} 6. Nbxd2 {[%emt 0:00:11]} f5 {[%emt 0:01:24]} 7. Nb3 {[%emt 0:02:29]} e5 {[%emt 0:00:57]} 8. g3 {[%emt 0:00:34]} Nb4 {[%emt 0:01:21]} 9. Kd1 {[%emt 0:00:55]} d6 {[%emt 0:00:56]} 10. cxd6 {[%emt 0:00:25]} Bxd6 {[%emt 0:00:13]} 11. Bc5 {[%emt 0:00:16]} Bxc5 {[%emt 0:00:37]} 12. Nxc5 {[%emt 0:01:05]} Nf6 {[%emt 0:00:28]} 13. Nxe5 {[%emt 0:00:35]} b6 {[%emt 0:00:50]} 14. Ncd3 {[%emt 0:00:20]} Nxd3 {[%emt 0:01:39]} 15. Nxd3 {[%emt 0:00:12]} O-O {[%emt 0:00:16]} 16. Bg2 {[%emt 0:00:21]} Rb8 {[%emt 0:00:31]} 17. Kd2 {[%emt 0:00:37]} Rd8 {[%emt 0:00:31]} 18. Rad1 {[%emt 0:00:13]} Ng4 {[%emt 0:02:00]} 19. Kc1 {[%emt 0:00:50]} Ba6 {[%emt 0:00:58]} 20. Rdf1 {[%emt 0:01:12]} Bxd3 {[%emt 0:00:47]} 21. exd3 {[%emt 0:00:18]} Rbc8 {[%emt 0:01:09]} 22. Kd2 {[%emt 0:00:41]} a5 {[%emt 0:01:32]} 23. Bh3 {[%emt 0:00:33]} b5 {[%emt 0:00:28]} 24. Bxg4 {[%emt 0:00:13]} fxg4 {[%emt 0:00:10]} 25. Re1 {[%emt 0:00:06]} Rf8 {[%emt 0:00:48]} 26. Re2 {[%emt 0:00:14]} a4 {[%emt 0:00:33]} 27. a3 {[%emt 0:00:09]} Rb8 {[%emt 0:00:33]} 28. Rhe1 {[%emt 0:00:28]} b4 {[%emt 0:00:31]} 29. axb4 {[%emt 0:00:29]} Rxb4 {[%emt 0:00:10]} 30. Kc1 {[%emt 0:00:16]} Rfb8 {[%emt 0:01:26]} 31. Re8+ {[%emt 0:00:15]} Kf7 {[%emt 0:00:45]} 32. Rxb8 {[%emt 0:00:04]} Rxb8 {[%emt 0:00:13]} 33. Re4 {[%emt 0:00:01]} Ra8 {[%emt 0:00:34]} 34. Rxg4 {[%emt 0:00:08]} a3 {[%emt 0:00:09]} 35. bxa3 {[%emt 0:00:07]} Rxa3 {[%emt 0:00:08]} 36. Kb2 {[%emt 0:00:10]} Ra5 {[%emt 0:00:18]} 37. c4 {[%emt 0:00:18]} Rf5 {[%emt 0:00:24]} 38. Rf4 {[%emt 0:00:09]} Rxf4 {[%emt 0:00:13]} 39. gxf4 {[%emt 0:00:06]} Ke7 {[%emt 0:00:09]} 40. d4 {[%emt 0:00:04]} Kd7 {[%emt 0:00:32]} 41. Kb3 {[%emt 0:00:10]} g6 {[%emt 0:00:00]} 42. f3 {[%emt 0:00:00]} h6 {[%emt 0:00:07]} 43. h3 {[%emt 0:00:00]} g5 {[%emt 0:00:21]} 44. f5 {[%emt 0:00:07]} Ke7 {[%emt 0:00:15]} 45. c5 {[%emt 0:00:10]} Kf6 {[%emt 0:00:15]} 46. c6 {[%emt 0:00:28]} Kxf5 {[%emt 0:00:15]} 47. c7 {[%emt 0:00:16]} Kf4 {[%emt 0:00:25]} 48. c8=Q {[%emt 0:00:11]} Kxf3 {[%emt 0:00:08]} 49. d5 {[%emt 0:00:06]} h5 {[%emt 0:00:19]} 50. Qf5+ {[%emt 0:00:12]} Ke3 {[%emt 0:00:17]} 51. Qxg5+ {[%emt 0:00:07]} Kd4 {[%emt 0:00:10]} 52. d6 {[%emt 0:00:11]} Ke4 {[%emt 0:00:16]} 53. d7 {[%emt 0:00:18]} Kd3 {[%emt 0:00:31]} 54. Qe7 {[%emt 0:00:34]} Kd4 {[%emt 0:00:25]} 55. d8=R# {[%emt 0:00:10]} 1-0

[Event "Kerkinitida 2021"]
[Site "Yevpatoria"]
[Date "2021.10.21"]
[Round "3.1"]
[White "Truskavetsky, Alexandr"]
[Black "Triapishko, Alexandr"]
[Result "1/2-1/2"]
[WhiteElo "2371"]
[BlackElo "2506"]
[Annotator "ChessBase"]
[PlyCount "84"]
[EventDate "2021.10.19"]
[EventType "swiss"]
[SourceTitle "playchess.com"]
[Source "ChessBase"]
[SourceQuality "1"]
[TimeControl "5400+30"]

1. e4 {[%emt 0:04:00]} e5 {[%emt 0:06:41]} 2. Nf3 {[%emt 0:00:14]} Nc6 {[%emt 0:00:19]} 3. d4 {[%emt 0:01:38]} exd4 {[%emt 0:01:17]} 4. Bc4 {[%emt 0:00:44]} Nf6 {[%emt 0:21:06]} 5. e5 {[%emt 0:01:13]} d5 {[%emt 0:07:09]} 6. Bb5 {[%emt 0:00:39]} Nd7 {[%emt 0:02:05]} 7. O-O {[%emt 0:11:00]} Be7 {[%emt 0:02:56]} 8. Re1 {[%emt 0:35:41]} O-O {[%emt 0:05:33]} 9. Bxc6 {[%emt 0:00:30]} bxc6 {[%emt 0:00:08]} 10. Nxd4 {[%emt 0:00:06]} Nb8 {[%emt 0:02:23]} 11. f4 {[%emt 0:14:21]} c5 {[%emt 0:04:03]} 12. Nf3 {[%emt 0:00:06]} Nc6 {[%emt 0:07:20]} 13. Nc3 {[%emt 0:04:13]} d4 {[%emt 0:05:01]} 14. Ne4 {[%emt 0:00:37]} Qd5 {[%emt 0:07:34]} 15. b3 {[%emt 0:04:49]} c4 {[%emt 0:09:26]} 16. Qe2 {[%emt 0:01:39]} c3 {[%emt 0:03:50]} 17. Rd1 {[%emt 0:06:55]} Bf5 {[%emt 0:00:46]} 18. Ng3 {[%emt 0:00:56]} Bg4 {[%emt 0:01:30]} 19. Ne4 {[%emt 0:04:16]} Rad8 {[%emt 0:03:56]} 20. h3 {[%emt 0:00:15]} Bf5 {[%emt 0:01:46]} 21. Ng3 {[%emt 0:00:57]} d3 {[%emt 0:03:09]} 22. Qf1 {[%emt 0:02:50]} Qc5+ {[%emt 0:01:53]} 23. Kh2 {[%emt 0:00:12]} Bc8 {[%emt 0:00:50]} 24. cxd3 {[%emt 0:02:33]} c2 {[%emt 0:00:55]} 25. Re1 {[%emt 0:00:20]} Qd5 {[%emt 0:00:42]} 26. f5 {[%emt 0:01:24]} Bb4 {[%emt 0:00:29]} 27. Bd2 {[%emt 0:01:13]} Bxd2 {[%emt 0:00:27]} 28. Nxd2 {[%emt 0:00:02]} Nxe5 {[%emt 0:00:30]} 29. Rec1 {[%emt 0:00:43]} Ba6 {[%emt 0:00:43]} 30. Nc4 {[%emt 0:00:17]} Bxc4 {[%emt 0:00:26]} 31. bxc4 {[%emt 0:00:54]} Qxd3 {[%emt 0:00:35]} 32. Qxd3 {[%emt 0:00:05]} Rxd3 {[%emt 0:00:08]} 33. Rxc2 {[%emt 0:00:06]} Rb8 {[%emt 0:00:21]} 34. f6 {[%emt 0:01:18]} gxf6 {[%emt 0:00:49]} 35. Rf1 {[%emt 0:00:12]} Nd7 {[%emt 0:00:41]} 36. Nf5 {[%emt 0:00:40]} Kf8 {[%emt 0:00:28]} 37. Rf4 {[%emt 0:00:32]} Ne5 {[%emt 0:00:29]} 38. Rh4 {[%emt 0:00:30]} Kg8 {[%emt 0:00:12]} 39. Ne7+ {[%emt 0:00:31]} Kg7 {[%emt 0:00:33]} 40. Nf5+ {[%emt 0:00:19]} Kg8 {[%emt 0:00:33]} 41. Ne7+ {[%emt 0:00:09]} Kg7 {[%emt 0:00:41]} 42. Nf5+ {[%emt 0:00:18]} Kg8 {[%emt 0:00:27]} 1/2-1/2